• 首页
  • 本馆介绍
  • 公告通知
  • 最新文献
  • 馆藏检索
  • 电子资源
  • 读者导购
  • 参考咨询
  • 我的图书馆
  • 登录
  • 详细信息显示
  • 放入我的书架
  • 预约/预借图书
  • 作者相关作品
  • 分类相关作品
  • 丛书相关作品
  • 出版社相关作品

书目信息

  • 表格格式
  • 工作单格式
  • 卡片格式
题名:
浙江妇女研究
    
 
作者: 陈步云 主编
分册: 第四辑   女性发展与社会文明
出版信息: 浙江   浙江工商大学出版社  2021
页数: 346页
开本: 24cm
丛书名:
单 册:
中图分类: D442.855 , D442
科图分类:
主题词: 妇女工作--研究--浙江
电子资源:
ISBN: 978-7-5178-4698-7
000 01378nam2 2200289 450
001 2239260224
005 20221019105512.91
010    @a978-7-5178-4698-7@dCNY56.00
100    @a20220211d2021 em y0chiy50 ea
101 0  @achi
102    @aCN@b330000
105    @aak az 000yy
200 1  @a浙江妇女研究@9zhe jiang fu nu yan jiu@h第四辑@i女性发展与社会文明@f陈步云主编
210    @a浙江@c浙江工商大学出版社@d2021
215    @a346页@c图@d24cm
312    @a封面题英文题名:Zhejiang women's studies
314    @a陈步云(1972-)男,浙江东阳人,法学博士、副教授、硕士生导师,现任浙江省妇女干部学校党委书记、校长,中国妇女研究会女性教育专业委员会副秘书长,浙江省女性教育培训联盟理事长。主要从事高校思想政治教育理论与实践研究、马克思主义妇女理论研究,主持省部级课题多项,公开发表论文1O余篇。
320    @a有书目
330    @a本论文集主要分为女性发展与教育、女性就业与创业、妇女儿童权益维护、案例等版块,从妇女发展、妇女权益、妇女组织和妇女工作的实践探索等方向直面妇女问题、创新妇女研究、引领妇女发展,立足浙江、面向全国、放眼世界,从多学科、多视角、多层面开展妇女/性别研究。
510 1  @aZhejiang women's studies@zeng
517 1  @a女性发展与社会文明@9nu xing fa zhan yu she hui wen ming
606 0  @a妇女工作@x研究@y浙江
690    @aD442.855@v5
690    @aD442@v4
701  0 @a陈步云@9chen bu yun@f(1972-)@4主编
801  0 @aCN@b91MARC@c20220225
905    @aZUCC@dD442@e2:4
    
    浙江妇女研究.第四辑.女性发展与社会文明/陈步云主编.-浙江:浙江工商大学出版社,2021
    346页:图;24cm
    
    
    ISBN 978-7-5178-4698-7:CNY56.00
    本论文集主要分为女性发展与教育、女性就业与创业、妇女儿童权益维护、案例等版块,从妇女发展、妇女权益、妇女组织和妇女工作的实践探索等方向直面妇女问题、创新妇女研究、引领妇女发展,立足浙江、面向全国、放眼世界,从多学科、多视角、多层面开展妇女/性别研究。
●
相关链接 在五车中查询图书 在当当中查询图书 在豆瓣中查询图书


正题名:浙江妇女研究     索取号:D442/2:4         预约/预借

序号 登录号 条形码 馆藏地/架位号 状态 备注
1 2000914717   2000914717   第三书库/ [索取号:D442/2:4] 在馆    
2 2000914718   2000914718   第三书库/ [索取号:D442/2:4] 在馆    
3 2000914719   2000914719   第三书库/ [索取号:D442/2:4] 在馆    
山东省滨州职业学院图书馆 欢迎您!
大连网信软件有限公司© 版权所有